| 000 | 01106cam a22003493a 4500 | ||
|---|---|---|---|
| 001 | 4300 | ||
| 003 | PGUSA | ||
| 005 | 20140828083051.0 | ||
| 008 | 030701s2003||||xxu|||||s|||||000 1 eng d | ||
| 040 |
_aPGUSA _beng |
||
| 042 | _adc | ||
| 050 | 4 | _aPR | |
| 100 | 1 |
_aJoyce, James, _d1882-1941 |
|
| 245 | 1 | 0 |
_aUlysses _h[electronic resource] / _cJames Joyce |
| 260 |
_bProject Gutenberg, _c2003 |
||
| 500 | _aThis eBook is based on the pre-1923 print editions. Cf. Wikipedia: http://en.wikipedia.org/wiki/Ulysses_(novel) | ||
| 506 | _aPublic domain in the USA. | ||
| 516 | _aElectronic text | ||
| 653 | _aDomestic fiction | ||
| 653 | _aDublin (Ireland) -- Fiction | ||
| 653 | _aPsychological fiction | ||
| 653 | _aMarried people -- Fiction | ||
| 653 | _aAlienation (Social psychology) -- Fiction | ||
| 653 | _aJewish men -- Fiction | ||
| 653 | _aMale friendship -- Fiction | ||
| 653 | _aEpic literature | ||
| 653 | _aArtists -- Fiction | ||
| 653 | _aCity and town life -- Fiction | ||
| 830 | 0 |
_aProject Gutenberg _v4300 |
|
| 856 | 4 | 0 | _uhttp://www.gutenberg.org/ebooks/4300 |
| 942 | _cEB | ||
| 999 |
_c233629 _d233629 |
||